Mensaje del C. Lic. José Inés Dávila, gobernador interino constitucional del Estado, E. informe del C. Lic. Francisco Magro, presidente del Tribunal Superior de Justicia, leidos ante la XXVIII legislatura; y contestación del Presidente de la H. Cámara, C. Lic. Lorenzo Mayoral, al abrir periodo de sesiones ordinarias, el 16 de septiembre de 1915

Detalles Bibliográficos
Autor principal: Dávila, José Inés
Formato: Libro
Lenguaje:Spanish
Publicado: Oaxaca : imprenta del Estado, en la 2° de Murguía núm. 9, 1915.
Materias:
Colección:Banco de datos
Acervo:Universidad Autónoma Benito Juárez de Oaxaca. Biblioteca Francisco de Burgoa. Colección histórica
Descripción Física:92 p. ; 20 cm.
Tema general:Política
Notas:Portada tipográfica con viñeta y marco. Texto a renglón seguido con paginación en números arábigos y signaturas. Encuadernación en piel sobre cartón
LEADER 01086nam a22001690004500
035 |a 4437 
041 0 |a spa 
100 1 |a Dávila, José Inés 
245 1 0 |a Mensaje del C. Lic. José Inés Dávila, gobernador interino constitucional del Estado, E. informe del C. Lic. Francisco Magro, presidente del Tribunal Superior de Justicia, leidos ante la XXVIII legislatura; y contestación del Presidente de la H. Cámara, C. Lic. Lorenzo Mayoral, al abrir periodo de sesiones ordinarias, el 16 de septiembre de 1915 
260 |a Oaxaca : imprenta del Estado, en la 2° de Murguía núm. 9, 1915. 
300 |a 92 p. ; 20 cm.  
500 |a Portada tipográfica con viñeta y marco. Texto a renglón seguido con paginación en números arábigos y signaturas. Encuadernación en piel sobre cartón 
650 1 0 |a Política 
852 |a Universidad Autónoma "Benito Juárez" de Oaxaca, Biblioteca Francisco de Burgoa, Colección histórica 22766 
942 |c BURHIS 
943 |g Universidad Autónoma Benito Juárez de Oaxaca. Biblioteca Francisco de Burgoa. Colección histórica 
999 |c 1123280  |d 1123280